<?xml version="1.0" encoding="UTF-8"?>
<collection xmlns:xsi="http://www.w3.org/2001/XMLSchema-instance" xsi:schemaLocation="http://www.loc.gov/MARC21/slim http://www.loc.gov/standards/marcxml/schema/MARC21slim.xsd" xmlns="http://www.loc.gov/MARC21/slim">
 <record>
  <leader>00000cam a22000003i 4500</leader>
  <controlfield tag="001">UP-1685594773861802554</controlfield>
  <controlfield tag="003">Buklod</controlfield>
  <controlfield tag="005">20110119104520.0</controlfield>
  <controlfield tag="006">j|||||||||||||| | </controlfield>
  <controlfield tag="007">ta</controlfield>
  <controlfield tag="008">160621t20102008xx a    b    |||| u|eng d</controlfield>
  <datafield tag="020" ind1=" " ind2=" ">
   <subfield code="a">9780199585564 (pbk.)</subfield>
  </datafield>
  <datafield tag="035" ind1=" " ind2=" ">
   <subfield code="a">(iLib)UPBAG-00008168956</subfield>
  </datafield>
  <datafield tag="037" ind1=" " ind2=" ">
   <subfield code="a">BC-59619</subfield>
   <subfield code="c">Php3,147.00</subfield>
  </datafield>
  <datafield tag="040" ind1=" " ind2=" ">
   <subfield code="a">DLC</subfield>
   <subfield code="d">BAG</subfield>
   <subfield code="e">rda</subfield>
  </datafield>
  <datafield tag="041" ind1="0" ind2=" ">
   <subfield code="a">eng</subfield>
  </datafield>
  <datafield tag="090" ind1=" " ind2="0">
   <subfield code="a">JA 71</subfield>
   <subfield code="b">O935</subfield>
  </datafield>
  <datafield tag="245" ind1="0" ind2="4">
   <subfield code="a">The Oxford handbook of political methodology</subfield>
   <subfield code="c">edited by Janet M. Box-Steffensmeier, Henry E. Brady and David Collier.</subfield>
  </datafield>
  <datafield tag="264" ind1=" " ind2="1">
   <subfield code="a">Oxford, Eng.</subfield>
   <subfield code="b">Oxford University Press</subfield>
   <subfield code="c">2010, ©2008.</subfield>
  </datafield>
  <datafield tag="300" ind1=" " ind2=" ">
   <subfield code="a">xiii, 880 pages</subfield>
   <subfield code="b">illustrationa</subfield>
   <subfield code="c">25 cm</subfield>
  </datafield>
  <datafield tag="490" ind1="0" ind2=" ">
   <subfield code="a">The Oxford handbooks of political science</subfield>
  </datafield>
  <datafield tag="500" ind1=" " ind2=" ">
   <subfield code="a">First published 2008.</subfield>
  </datafield>
  <datafield tag="504" ind1=" " ind2=" ">
   <subfield code="a">Includes bibliographical references and indexes.</subfield>
  </datafield>
  <datafield tag="505" ind1="0" ind2=" ">
   <subfield code="a">Political science methodology/ Janet M. Box-Steffenseier, henry E. Brady, and David Collier -- Normative methodology/ Russel Hardin -- Meta-methodology: clearing the Underbrush/ Mark Bevir -- agent-based modeling -- Scott De Marchi and scott E. Page -- Concepts, theories and numbers: A checklist for constructing, evaluating, and using concepts or quantitative measures/ Gary Goertz -- Measurement/ Simon Jackman -- typologies: forming concepts and creating categorical variables/ David collier, Jody La Porte and Seawright -- Measurement versus calibration: a set-theoretic approach/ Charles C. Ragin -- The evolving influence of psychometrics in political science/ Kieth T. Poole -- Causality and explanation in social research -- Causation and explanation in social science/ Henry E. Brady -- The neyman- Rubin model of casual inference and estimation via matching methods/ Jasjeet S. Sekhon -- on types of scientific inquiry: the role of qualitative reasoning/ David A. Freedman -- Studying mechanisms to strengthen causal inferences in quantitative research/ Peter Hedstrom -- Experiments, Quasi-experiments and natural experiments/ Allan S. Gerber and Donald p. Green -- Quantitative tools for descriptive and casual inference: general methods -- Survey methodology/ Richard Johnston -- Endogeneity and structural equation estimation in poltical science/ john E. jackson -- Structural equation models/ Kenneth A. Bollen, Sophia Rabe-Hesketh, and Anders Skrondal -- Time-series cross-section methods/ Nathaniel Beck -- Bayesian Analysis/ Andrew D. Martin -- Quantitative tools for descriptive and casual inference: special topics -- Discrete choice methods/ Garret Glasgow and R. Michael Alvarez -- Survival analysis/ Jonathan Golub -- Cross-level/ecological inference/ Wendy K. Tam Cho and Charles F. Manski -- Empirical models of spatial interdependence/ Robert J. Franzees Jr. and Jude C. Hays -- Multilevel models/ Bradford S. Jones -- Qualitative tools for descriptive and causal inference -- Counterfactuals and case studies/ Jack S. Levy -- Case selection for case-study analysis:qualitative and quantitative technicques/ John Gerring -- Interviewing and qualitative field methods:pragmatism and practicalities/ Brian C. Rathbun -- Process tracing: a bayesian perspective/ Andrew Bennett -- Case-oriented configurational research: qualitative comparative analysis(QCA), Fuzzy Sets and Benoit Rihoux -- Comparative-historical analysis in contemporary political science -- Integrating qualitative and quantitative methods/ James D. Fearon and David D. Latin -- Organizations, institutions, and movements in the field of methodology -- Qualitative and multimethods research: organizations, publication and reflections on integration/ David Collier and Colin Elman -- Quantitative methodology/ Charles H. Franklin -- Forty years of publishing in quantitative methodology/ Michael S Lewis- Beck -- The EITM approach: origins and interpretations/ John H. Aldrich, James E. Alt, and Arthur Lupia.</subfield>
  </datafield>
  <datafield tag="650" ind1=" " ind2="0">
   <subfield code="a">Political science</subfield>
   <subfield code="x">Methodology</subfield>
   <subfield code="v">Handbooks, manuals, etc.</subfield>
  </datafield>
  <datafield tag="700" ind1="1" ind2=" ">
   <subfield code="a">Box-Steffensmeier, Janet M.</subfield>
   <subfield code="d">1965-</subfield>
   <subfield code="e">editor.</subfield>
  </datafield>
  <datafield tag="700" ind1="1" ind2=" ">
   <subfield code="a">Brady, Henry E.</subfield>
   <subfield code="e">editor.</subfield>
  </datafield>
  <datafield tag="700" ind1="1" ind2=" ">
   <subfield code="a">Collier, David</subfield>
   <subfield code="d">1942-</subfield>
   <subfield code="e">editor.</subfield>
  </datafield>
  <datafield tag="905" ind1=" " ind2=" ">
   <subfield code="a">FO</subfield>
  </datafield>
  <datafield tag="852" ind1="0" ind2=" ">
   <subfield code="a">UPBAG</subfield>
   <subfield code="b">UPBAG-MAIN</subfield>
   <subfield code="h">JA 71 O935</subfield>
  </datafield>
  <datafield tag="942" ind1=" " ind2=" ">
   <subfield code="a">Book</subfield>
  </datafield>
 </record>
</collection>
